000
00485nam a2200145Ia 4500
008
100122s9999 xx 000 0 und d
082
_b
13043
_a
70.172
100
_a
केळकर न चि
245
_a
वृत्तपत्र मीमांसा
260
_b
निलकंठ प्रकाशन
_c
1965
300
_a
159
630
_a
वृत्तपत्र मीमांसा
730
_a
वृत्तपत्र मीमांसा
942
_c
BOOK
999
_c
403958
_d
403955